APL programs for the mathematics classroom / (Record no. 181683)
[ view plain ]
| 000 -LEADER | |
|---|---|
| fixed length control field | 00885 a2200205 4500 |
| 003 - CONTROL NUMBER IDENTIFIER | |
| control field | Nust |
| 005 - DATE AND TIME OF LATEST TRANSACTION | |
| control field | 20230223180934.0 |
| 010 ## - LIBRARY OF CONGRESS CONTROL NUMBER | |
| LC control number | 89006263 |
| 020 ## - INTERNATIONAL STANDARD BOOK NUMBER | |
| International Standard Book Number | 0387970029 (alk. paper) |
| 040 ## - CATALOGING SOURCE | |
| Transcribing agency | Nust |
| 082 00 - DEWEY DECIMAL CLASSIFICATION NUMBER | |
| Classification number | 510.78,THO |
| 100 1# - MAIN ENTRY--PERSONAL NAME | |
| Personal name | Thomson, Norman |
| 9 (RLIN) | 109543 |
| 245 10 - TITLE STATEMENT | |
| Title | APL programs for the mathematics classroom / |
| Statement of responsibility, etc. | Norman Thomson. |
| 260 ## - PUBLICATION, DISTRIBUTION, ETC. | |
| Place of publication, distribution, etc. | New York : |
| Name of publisher, distributor, etc. | Springer-Verlag, |
| Date of publication, distribution, etc. | c1989. |
| 300 ## - PHYSICAL DESCRIPTION | |
| Extent | xi, 185 p. : |
| Other physical details | ill. ; |
| Dimensions | 24 cm. |
| 505 ## - FORMATTED CONTENTS NOTE | |
| Formatted contents note | Introduction (Page-1),Arithmetic and Numbers (Page-7),Algebra and Sets (Page-27),Series (Page-39),Formulae and Tables (Page-55),Geometry and Pattern (Page-65),Calculus (Page-87),Probability and Statistic (Page-99),Combinatorics (Page-135),Game and Miscellaneous (Page-145). |
| 650 #0 - SUBJECT ADDED ENTRY--TOPICAL TERM | |
| Topical term or geographic name entry element | APL (Computer program language) |
| 9 (RLIN) | 98024 |
| 650 #0 - SUBJECT ADDED ENTRY--TOPICAL TERM | |
| Topical term or geographic name entry element | Mathematics |
| General subdivision | Study and teaching |
| -- | Computer programs. |
| 9 (RLIN) | 109544 |
| 942 ## - ADDED ENTRY ELEMENTS (KOHA) | |
| Source of classification or shelving scheme | |
| Koha item type | Book |
| Withdrawn status | Lost status | Source of classification or shelving scheme | Damaged status | Not for loan | Permanent Location | Current Location | Shelving location | Date acquired | Full call number | Barcode | Date last seen | Price effective from | Koha item type | Public note |
|---|---|---|---|---|---|---|---|---|---|---|---|---|---|---|
| Military College of Signals (MCS) | Military College of Signals (MCS) | General Stacks | 12/12/2016 | 510.78,THO | MCS953 | 12/08/2016 | 12/12/2016 | Book | Almirah No.71, Shelf No.2 |
